Cálculo vectorial / (Record no. 98150)

MARC details
000 -LEADER
campo de control de longitud fija 00726nam a2200193 i 4500
001 - NÚMERO DE CONTROL
campo de control 98150
003 - IDENTIFICADOR DE NÚMERO DE CONTROL
campo de control ES-MaACL
007 - CAMPO FIJO DE DESCRIPCIÓN FÍSICA--INFORMACIÓN GENERAL
campo de control de longitud fija t|
008 - DATOS DE LONGITUD FIJA--INFORMACIÓN GENERAL
campo de control de longitud fija 050726s1976 mx ||||1| spa d
100 1# - ENTRADA PRINCIPAL--NOMBRE DE PERSONA
Nombre de persona Marsden, Jerrold E.
9 (RLIN) 77116
245 10 - MENCIÓN DEL TÍTULO
Título Cálculo vectorial /
Mención de responsabilidad, etc. Jerrold E. Marsden, Anthony J. Tromba; versión por Manuel López Mateos, Amaury Llamas Jimeno, Alejandro Hernández del Castillo.
260 ## - PUBLICACIÓN, DISTRIBUCIÓN, ETC.
Lugar de publicación, distribución, etc. México :
Nombre del editor, distribuidor, etc. Fondo Educativo Interamericano,
Fecha de publicación, distribución, etc. 1976.
300 ## - DESCRIPCIÓN FÍSICA
Extensión X, 454 p. :
Otras características físicas il. ;
Dimensiones 24 cm.
700 1# - ENTRADA AGREGADA--NOMBRE PERSONAL
Nombre de persona Tromba, Anthony J.
9 (RLIN) 111489
700 1# - ENTRADA AGREGADA--NOMBRE PERSONAL
Nombre de persona López Mateos, Manuel.
9 (RLIN) 73766
700 1# - ENTRADA AGREGADA--NOMBRE PERSONAL
Nombre de persona Llamas Jimeno, Amaury.
9 (RLIN) 72668
700 1# - ENTRADA AGREGADA--NOMBRE PERSONAL
Nombre de persona Hernández del Castillo, Alejandro.
9 (RLIN) 62925
852 ## - LOCALIZACIÓN
Ubicación ES-MaACL
Número de control de estantería L-5350
Sublocalización o colección R.105881
Holdings
Estatus retirado Estado de pérdida Estado de daño No para préstamo Biblioteca de origen Biblioteca actual Ubicación en estantería Fecha de adquisición Fuente de adquisición Total de préstamos Signatura topográfica completa Código de barras Visto por última vez Precio de reemplazo Tipo de ítem Koha
        Biblioteca del Ateneo de Madrid Biblioteca del Ateneo de Madrid Depósito 2 17/01/2008     L-5350 1102460 23/02/2023 23/02/2023 Libro impreso